Score 0/8 Timer 01:00
1 Play Today
Clue 4-Letter Word % Correct
Without clothing; nakedBARE
92.7%
'... [Rung 1] One [Rung 5] [Rung 8]', hit 1999 song for Britney SpearsBABY
89.7%
A pig in a cityBABE
89.6%
To drill a holeBORE
85.8%
'... [Rung 1] One [Rung 5] [Rung 8]', hit 1999 song for Britney SpearsMORE
82.8%
'... [Rung 1] One [Rung 5] [Rung 8]', hit 1999 song for Britney SpearsTIME
80.9%
Marcel Marceau was oneMIME
69%
A bog or fenMIRE
61.6%

Today's Daily Dose

You're not logged in!

Compare scores with friends on all Sporcle quizzes.
OR
Log In

Sporcle TV

Today on Sporcle TV


Watch our educational content, quiz creation guides, and fun videos on Sporcle TV.

Show Comments

Extras

Top Quizzes Today


Score Distribution

Your Account Isn't Verified!

In order to create a playlist on Sporcle, you need to verify the email address you used during registration. Go to your Sporcle Settings to finish the process.

Report this User

Report this user for behavior that violates our Community Guidelines.

Details: